000 00270nam a2200097Ia 4500
001 991518
005 20250826221331.0
008 250824s9999 xx 000 0 und d
245 0 _aNİKOLA TESLA GELECEĞİ KEŞFEDEN ADAM
_cDANİELE ARİSTARCO
260 _bDOMİNGO YAYINLARI
999 _c991518
_d991518